000 00517nam a2200193 a 4500
001 10523
003 CO-ViMGA
008 141112s2004 ck r 000 u spa d
040 _aCO-ViMGA
_bspa
_cCO-ViMGA
082 0 4 _a986.23 V35d
100 1 _aVelandia Caicedo ; Fernando,
_914193
245 1 0 _aDurania :
_bUn Gran Pueblo
260 _aCucuta :
_bs.n,
_c1983
300 _a56p. : il.
650 1 4 _aCOLOMBIA
_914194
650 1 4 _aDURANIA - NORTE DE SANTANDER
_914195
650 1 4 _aHISTORIA
_914196
942 _2ddc
_cBK
999 _c21848
_d21848